| 000 | 01063nas a2200325 4500 | ||
|---|---|---|---|
| 001 | BR2012008708 | ||
| 003 | BR-BrBNA | ||
| 005 | 20231205121444.0 | ||
| 007 | ta | ||
| 008 | 230509b bl.|||p| |||| 00| 00por d | ||
| 040 |
_aBR-BrBNA _bpor _cBiblioteca Nacional de Agricultura |
||
| 041 | _a(Pt) | ||
| 072 | _aL74 | ||
| 100 | 1 | _aPedroso, P.M.O. | |
| 100 | 1 | _aOliveira, L.G.S. de | |
| 100 | 1 | _aCruz, C.E.F. | |
| 100 | 1 | _aSoares, M.P. | |
| 100 | 1 | _aBarreto, L.R.B. | |
| 100 | 1 | _aDriemeier, D. | |
| 245 | 1 | _aDoença do armazenamento lisossomal induzida pelo consumo de Sida carpinifolia em bovinos do Rio Grande do Sul | |
| 246 | 1 | _aLysosomal storage disease caused by Sida carpinifolia in cattle in Rio Grande do Sul | |
| 650 | _aBOVINO | ||
| 650 | _aINTOXICAÇÃO | ||
| 650 | _aPLANTA TÓXICA | ||
| 650 | _aDISTÚRBIO | ||
| 650 | _aRIO GRANDE DO SUL | ||
| 773 | 0 |
_tPesquisa Veterinária Brasileira (Brazil) _xISSN 0100-736X _g(Oct 2010), v. 30(10) p. 833-838 _wBR2012008708 |
|
| 909 |
_a202311 _bLúcia _c55 _dLúcia Elande |
||
| 942 |
_2AGRIS _n0 _cANA |
||
| 999 |
_c223665 _d223665 |
||